A drop in the ocean (Record no. 5393)

MARC details
000 -CABECERA
campo de control de longitud fija 02254cam a22003378i 4500
001 - NÚMERO DE CONTROL
campo de control 14228244
005 - FECHA Y HORA DE LA ÚLTIMA TRANSACCIÓN
campo de control 20260306114009.0
008 - DATOS DE LONGITUD FIJA--INFORMACIÓN GENERAL
campo de control de longitud fija 250721s2025 bcc j 000 f eng
015 ## - NÚMERO DE BIBLIOGRAFÍA NACIONAL
Número de bibliografía nacional 20240445813
Fuente can
020 ## - NÚMERO INTERNACIONAL ESTÁNDAR DEL LIBRO
Número Internacional Estándar del Libro 9781551529813
Información calificativa (softcover)
020 ## - NÚMERO INTERNACIONAL ESTÁNDAR DEL LIBRO
Número Internacional Estándar del Libro 1551529815
Información calificativa (softcover)
035 ## - NÚMERO DE CONTROL DEL SISTEMA
Número de control de sistema (OCoLC)on1450563836
035 ## - NÚMERO DE CONTROL DEL SISTEMA
Número de control de sistema (CaBVaU)14228244
040 ## - FUENTE DE LA CATALOGACIÓN
Centro catalogador/agencia de origen NLC
Lengua de catalogación eng
Centro/agencia transcriptor NLC
Normas de descripción rda
Centro/agencia modificador NLC
-- OCLCO
-- BDX
-- YDX
-- IG#
-- HBP
-- OCLCO
-- IOD
-- NLC
-- MLSOD
-- UBC
-- UtOrBLW
041 ## - CÓDIGO DE LENGUA
Código de lengua del texto/banda sonora o título independiente English
042 ## - CÓDIGO DE AUTENTICACIÓN
Código de autenticación lac
050 #4 - SIGNATURA TOPOGRÁFICA DE LA BIBLIOTECA DEL CONGRESO
Número de clasificación PR9199.4.T37
Número de documento/Ítem D76 2025
055 #0 - NÚMEROS DE CLASIFICACIÓN ASIGNADOS EN CANADÁ
Número de clasificación PS8639.A685
Número de documento/Ítem D76 2025
090 ## - LOCALMENTE ASIGNADO TIPO-LC NÚMERO DE CLASIFICACIÓN (OCLC); NÚMERO DE CLASIFICACIÓN LOCAL (RLIN)
Número de clasificación (OCLC) (R) ; Numero de clasificación, CALL (RLIN) (NR) PZ7.1.T373
Número cutter local (OCLC) ; Número de libro/Signatura topográfica íntegra, CALL (RLIN) Dr 2025
100 ## - ENTRADA PRINCIPAL--NOMBRE DE PERSONA
Nombre de persona Taranto, Lea,
Término indicativo de función/relación author.
9 (RLIN) 26826
245 12 - MENCIÓN DE TÍTULO
Título A drop in the ocean
Resto del título : a novel
Mención de responsabilidad, etc. / Lea Taranto
263 ## - FECHA PROYECTADA DE PUBLICACIÓN
Fecha proyectada de publicación 202505
264 #1 - PRODUCCIÓN, PUBLICACIÓN, DISTRIBUCIÓN, FABRICACIÓN Y COPYRIGHT
Producción, publicación, distribución, fabricación y copyright Vancouver :
Nombre del de productor, editor, distribuidor, fabricante Arsenal Pulp Press,
Fecha de producción, publicación, distribución, fabricación o copyright [2025]
300 ## - DESCRIPCIÓN FÍSICA
Extensión 294 pages ;
Dimensiones 21 cm
520 ## - SUMARIO, ETC.
Sumario, etc. "An engaging YA novel about a girl in treatment for obsessive compulsive disorder that combats the dehumanizing stigma around mental illness. Sixteen-year-old Mira Durand has just been checked into the Residency Adolescent Treatment Centre for obsessive compulsive and comorbid disorders. Four years of being passed around different psych wards like a hot potato have only worsened her OCD and anorexia. Her brutal, religious compulsions, which she believes keep her mom safe, make her less of a clean freak and more of a freak freak. No wonder her only friend is her journal. At the Residency's Ward Two, Mira discovers that her shrink is a fellow fantasy nerd and that her wardmates have enough of their own high-risk behaviours to tolerate hers. The complex friendships she forms with them, including a first love, the slow trust she builds with her treatment team, and the outside and family visits she earns give her things to look forward to beyond the drudgery of her compulsions. But it takes visiting Gung-Gung, her dying maternal grandfather, for her to realize that to truly live, she must fight the cognitive distortions at the heart of her compulsions."--
Fuente proveedora Provided by publisher.
650 #0 - PUNTO DE ACCESO ADICIONAL DE MATERIA--TÉRMINO DE MATERIA
Término de materia o nombre geográfico como elemento de entrada Obsessive-compulsive disorder - Fiction.
Subdivisión de forma Fiction.
650 #0 - PUNTO DE ACCESO ADICIONAL DE MATERIA--TÉRMINO DE MATERIA
Término de materia o nombre geográfico como elemento de entrada Anorexia - Fiction.
9 (RLIN) 26828
650 #0 - PUNTO DE ACCESO ADICIONAL DE MATERIA--TÉRMINO DE MATERIA
Término de materia o nombre geográfico como elemento de entrada Mental illness - Fiction.
9 (RLIN) 26829
655 #7 - TÉRMINO DE INDIZACIÓN--GÉNERO/FORMA
Datos o término principal de género/forma Novels.
Fuente del término lcgft
9 (RLIN) 22644
942 ## - ELEMENTOS DE ENTRADA AGREGADA (KOHA)
Fuente del sistema de clasificación o colocación Clasificación de Library of Congress
Holdings
Estado de retiro Estado de pérdida Fuente del sistema de clasificación o colocación Estado dañado No para préstamo Biblioteca de origen Biblioteca actual Fecha de adquisición Total de préstamos Fecha visto por última vez Número de copia Precio válido a partir de Tipo de ítem Koha Nota pública
    Clasificación de Library of Congress     TBS Barcelona TBS Barcelona 06/03/2026   06/03/2026 1 06/03/2026 Book SOON AVAILABLE

Powered by Koha